00803nam a2200181 a 450000100100000000500170001000800410002704000250006824500630009326000980015630000200025449000370027470000390031171001040035083000440045495201060049899900170060400003818020240305125740.0130320s2000 dr 000 0 spa d aDO-SdBNPbspacBNPHU00aReforma del transporte en Santo Domingo /cHamlet Hermann. aSanto Domingo :bComisión Presidencial para la Reforma y Modernización del Estado,c2000. a37 p. ;c22 cm.1 aEncuentros para alta gerenciav31 aHamlet, Hermann,d1934-20169366492 aComisión Presidencial para la Reforma y Modernización del Estado(República Dominicana)964551 0aEncuentros para alta gerencian3964552 00107-18PDaPDbPDcOId2013-03-20iLF1l0o p38180-10r2020-06-25w2020-06-25yLFPDZNo se presta c37670d37670